000 01252cas a2200313 a 4500
001 47019
005 20230410102055.0
008 860206u1984 dr uu p f0 b0spa
010 _a 86640250
035 _a(OCoLC)ocm13111682
040 _aDLC
_cDLC
012 _a4
035 _a(OCoLC)13111682
042 _alc
043 _anwdr---
050 1 4 _a118 JL 1133
_bR426b 1984
082 0 0 _a328.7293/071/05
_219
110 1 _aRepública Dominicana
_bCongreso Nacional.
_bSenado.
245 1 0 _aBoletín del Senado de la República :
_bSegunda legislatura ordinaria del año 1983, período 1982-1986 /
_cdirector Jorge N. Quiñones H.
260 _aSanto Domingo de Guzmán, R.D. :
_bEl Senado,
_c1984
300 _av. ;
_c28 cm.
500 _aDescription based on: No. 443,444 (Sesiones celebradas del 16 de agosto de 1983 al 22 de diciembre de 1983. Primera legislatura extraordinaria del año 1984, sesiones celebradas del 14 de febrero al 16 de febrero de 1984); title from cover.
610 1 0 _aDominican Republic.
_bCongreso Nacional.
_bSenado
_vPeriodicals.
651 0 _aDominican Republic
_xPolitics and government
_vPeriodicals.
700 1 _aQuiñones H., Jorge N.
942 _2lcc
_cbk
946 _ajoacota
994 _aC0
_bDRFGD
999 _c18510
_d18510